MARC

Tag First Indicator Second Indicator Subfields
LEADER 00000cam a2200000 a 4500
001 in00002724321
005 20211120163905.0
006 m d f
007 cr cn|||||||||
008 120104s2010 dcu o f000 0 eng c
035 |a (OCoLC)ocn770323481 
040 |a GPO  |c GPO  |d MvI  |d UtOrBLW 
042 |a pcc 
043 |a n-us-pa 
049 |a WWW 
074 |a 0128-A-04 (online) 
086 0 |a C 1.99:DEN-19429 
110 1 |a United States.  |b Department of Commerce.  |b Office of the Inspector General. 
245 1 0 |a Pennsylvania Public Safety Interoperable Communications Grant award no. 2007-GS-H7-0028. 
246 1 |i At head of title:  |a National Telecommunications and Information Administration 
264 1 |a Washington, DC :  |b U.S. Dept. of Commerce, Office of Inspector General,  |c [2010] 
300 |a 1 online resource (17 pages) 
336 |a text  |b txt  |2 rdacontent 
337 |a computer  |b c  |2 rdamedia 
338 |a online resource  |b cr  |2 rdacarrier 
500 |a Title from title screen (viewed on Dec. 19, 2011). 
500 |a "March 2010." 
500 |a "Final Audit Report Number DEN-19429." 
500 |a Electronic resource. 
610 2 0 |a Pennsylvania Emergency Management Agency  |x Auditing. 
610 1 0 |a United States.  |b National Telecommunications and Information Administration  |x Auditing. 
650 0 |a Emergency communication systems  |z Pennsylvania  |x Finance. 
650 0 |a Grants-in-aid  |z Pennsylvania. 
710 1 |a United States.  |b Department of Commerce.  |b Office of the Inspector General.  |b Denver Regional Office of Audits. 
856 4 0 |u https://purl.fdlp.gov/GPO/gpo16651  |t 0 
999 |a MARS 
999 f f |s d70d327b-deb7-37a4-be04-e0f2ba191ee5  |i a129bd0d-194c-3115-83ae-b40757be5b0d  |t 0 
952 f f |a Texas A&M University  |b College Station  |c Electronic Resources  |d Available Online  |t 0  |e C 1.99:DEN-19429  |h Superintendent of Documents classification 
998 f f |a C 1.99:DEN-19429  |t 0  |l Available Online